000 00928nam a2200217Ii 4500
003 JO-AjNU
008 230605s9999||||xx |||||||||||||| ||und||
017 _a2021/9/5528
020 _a978-9957-94-713-2
040 _aJO-AjNU
_bara
_erda
_cJO-AjNU
041 _aara
050 1 4 _aDS154.5 2021
100 3 _aالاحمد، نضال ابراهيم، امجد الفاعوري ،نوال العقيل، هيجاء الشمايلة، منتهى الديري,
_eauthor
_963743
245 0 0 _aمحطات في مئة عام
264 3 1 _aعمان: وزارة الثقافه، 2021
300 _a216ص
_bاصدارات مئوية الدولة الاردنية 2021
336 _atext
_btxt
_2rdacontent
337 _aunmediated
_bn
_2rdamedia
338 _avolume
_bnc
_2rdacarrier
650 4 _aإمارة شرق الأردن-الاستقلال-الهاشيمون-التنمية الاقتصادية والاجتماعية
_963744
999 _aA28930
_c32498
_d32498